Dodavateľsko-odberateľské vzťahy

Enregistré dans:
Détails bibliographiques
Auteur principal: Janeček, Milan
Collectivité auteur: Vysoká škola ekonomická v Bratislave. Obchodná fakulta
Autres auteurs: Kita, Jaroslav
Format: Livre
Langue:slovaque
Publié: Bratislava Edičné stredisko Vysokej školy ekonomickej 1989
Tags: Ajouter un tag
Pas de tags, Soyez le premier à ajouter un tag!

MARC

LEADER 00000nam a2200000 4500
001 c026261
005 20260326094122.9
041 0 |a slo 
044 |a SK 
245 1 0 |a Dodavateľsko-odberateľské vzťahy  |c Milan Janeček a kolektív 
264 1 |a Bratislava  |b Edičné stredisko Vysokej školy ekonomickej  |c 1989 
300 |a 232 s. 
100 1 |a Janeček, Milan 
700 1 |a Kita, Jaroslav 
710 2 |a Vysoká škola ekonomická v Bratislave. Obchodná fakulta